[Event "22nd ETCC Women 2019"]
[Site "Batumi"]
[Date "2019.10.28"]
[Round "5.9"]
[White "Rapport, Jovana"]
[Black "Ushenina, Anna"]
[Result "1-0"]
[WhiteElo "2379"]
[BlackElo "2431"]
[Annotator "NA"]
[PlyCount "93"]
[EventDate "2019.10.24"]
[EventType "team-tourn"]
[EventCountry "GEO"]
[SourceTitle "playchess.com"]
[Source "ChessBase"]
[SourceQuality "1"]
[WhiteTeam "Serbia"]
[BlackTeam "Ukraine"]
[WhiteTeamCountry "SRB"]
[BlackTeamCountry "UKR"]
[TimeControl "40/5400+30:1800+30"]

1. d4 {[%emt 0:00:00]} Nf6 {[%emt 0:00:00]} 2. Nf3 {[%emt 0:00:00]} d5 {[%emt 0:00:03]} 3. c4 {[%emt 0:00:02]} e6 {[%emt 0:00:02]} 4. Bg5 {[%emt 0:00:52]} Bb4+ {[%emt 0:00:44]} 5. Nc3 {[%emt 0:00:23]} dxc4 {[%emt 0:00:23]} 6. e4 {[%emt 0:00:27]} h6 {[%emt 0:00:52]} 7. Bxf6 {[%emt 0:01:23]} Qxf6 {[%emt 0:00:01]} 8. Bxc4 {[%emt 0:00:22]} c5 {[%emt 0:00:33]} 9. O-O {[%emt 0:00:28]} O-O {[%emt 0:00:12]} 10. e5 {[%emt 0:02:43]} Qd8 {[%emt 0:00:09]} 11. Qe2 {[%emt 0:18:16]} cxd4 {[%emt 0:42:20]} 12. Rad1 {[%emt 0:01:29]} Bxc3 {[%emt 0:02:02]} 13. bxc3 {[%emt 0:00:07]} Qc7 {[%emt 0:05:52]} 14. cxd4 {[%emt 0:01:02]} Nc6 {[%emt 0:07:11]} 15. Qe4 {[%emt 0:03:56]} Nb4 {[%emt 0:06:02]} 16. Rc1 {[%emt 0:08:27]} Qc6 {[%emt 0:00:37]} 17. Qg4 {[%emt 0:10:22]} b5 {[%emt 0:04:49]} 18. Bb3 {[%emt 0:14:35]} Qd7 {[%emt 0:09:02]} 19. Nd2 {[%emt 0:08:07]} Bb7 {[%emt 0:01:28]} 20. Rc3 {[%emt 0:02:00]} Rad8 {[%emt 0:10:25]} 21. Rg3 {[%emt 0:01:22]} f5 {[%emt 0:02:10]} 22. Bxe6+ {[%emt 0:05:24]} Kh8 {[%emt 0:00:01]} 23. Qg6 {[%emt 0:01:08]} Qe7 {[%emt 0:00:03]} 24. Bxf5 {[%emt 0:08:37]} Rxf5 {[%emt 0:00:05]} 25. Qxf5 {[%emt 0:00:04]} Rxd4 {[%emt 0:00:11]} 26. a3 {[%emt 0:04:06]} Nd5 {[%emt 0:01:09]} 27. Nf3 {[%emt 0:00:50]} Ra4 {[%emt 0:00:40]} 28. e6 {[%emt 0:01:18]} Rf4 {[%emt 0:01:06]} 29. Qe5 {[%emt 0:00:01]} Rf6 {[%emt 0:00:27]} 30. Nd4 {[%emt 0:01:19]} Nf4 {[%emt 0:00:10]} 31. Nf5 {[%emt 0:02:07]} Qxe6 {[%emt 0:00:59]} 32. Qxf4 {[%emt 0:01:30]} Rxf5 {[%emt 0:00:24]} 33. Qb8+ {[%emt 0:00:12]} Qc8 {[%emt 0:00:28]} 34. Qxa7 {[%emt 0:00:15]} Qc6 {[%emt 0:00:31]} 35. Qe3 {[%emt 0:00:45]} Qf6 {[%emt 0:02:15]} 36. h3 {[%emt 0:01:55]} Kh7 {[%emt 0:01:10]} 37. Rc1 {[%emt 0:00:25]} Re5 {[%emt 0:00:21]} 38. Qa7 {[%emt 0:01:23]} Re7 {[%emt 0:00:27]} 39. Qc5 {[%emt 0:00:35]} Re5 {[%emt 0:00:17]} 40. Qa7 {[%emt 0:00:00]} Re7 {[%emt 0:00:00]} 41. Qc5 {[%emt 0:02:42]} Re5 {[%emt 0:01:10]} 42. Qc3 {[%emt 0:00:00]} Be4 {[%emt 0:05:00]} 43. Re1 {[%emt 0:04:26]} h5 {[%emt 0:03:49]} 44. h4 {[%emt 0:03:42]} Qf4 {[%emt 0:01:41]} 45. Rge3 {[%emt 0:01:45]} Rf5 {[%emt 0:04:35]} 46. Rxe4 {[%emt 0:01:28]} Qxf2+ {[%emt 0:01:31]} 47. Kh2 {[%emt 0:00:25]} 1-0

[Event "22nd ETCC Women 2019"]
[Site "Batumi"]
[Date "2019.10.28"]
[Round "5.9"]
[White "Repkova, Eva"]
[Black "Nazarova, Anastasia"]
[Result "0-1"]
[WhiteElo "2315"]
[BlackElo "2147"]
[Annotator "NA RC"]
[PlyCount "62"]
[EventDate "2019.10.24"]
[EventType "team-tourn"]
[EventCountry "GEO"]
[SourceTitle "playchess.com"]
[Source "ChessBase"]
[SourceQuality "1"]
[WhiteTeam "Slovakia"]
[BlackTeam "Finland"]
[WhiteTeamCountry "SVK"]
[BlackTeamCountry "FIN"]
[TimeControl "40/5400+30:1800+30"]

1. d4 {[%emt 0:00:00]} Nf6 {[%emt 0:00:00]} 2. Bf4 {[%emt 0:00:00]} d5 {[%emt 0:00:00]} 3. e3 {[%emt 0:00:00]} c5 {[%emt 0:00:35]} 4. c3 {[%emt 0:00:04]} Nc6 {[%emt 0:00:34]} 5. Nf3 {[%emt 0:01:04]} Qb6 {[%emt 0:00:27]} 6. Qb3 {[%emt 0:03:07]} c4 {[%emt 0:00:21]} 7. Qc2 {[%emt 0:03:01]} Bf5 {[%emt 0:01:03]} 8. Qc1 {[%emt 0:00:05]} e6 {[%emt 0:00:59]} 9. Be2 {[%emt 0:00:47]} Be7 {[%emt 0:00:10]} 10. h3 {[%emt 0:00:41]} h6 {[%emt 0:00:55]} 11. Nbd2 {[%emt 0:01:36]} Qa5 {[%emt 0:06:48]} 12. Ne5 {[%emt 0:09:37]} Nxe5 {[%emt 0:03:03]} 13. Bxe5 {[%emt 0:04:11]} O-O {[%emt 0:02:45]} 14. O-O {[%emt 0:06:55]} Rfc8 {[%emt 0:04:01]} 15. f3 {[%emt 0:02:38]} b5 {[%emt 0:09:09]} 16. e4 {[%emt 0:00:02]} Bg6 {[%emt 0:00:08]} 17. a3 {[%emt 0:05:46]} Qb6 {[%emt 0:02:29]} 18. Bxf6 {[%emt 0:05:31]} Bxf6 {[%emt 0:00:07]} 19. exd5 {[%emt 0:00:03]} exd5 {[%emt 0:00:25]} 20. f4 {[%emt 0:10:42]} Re8 21. Qd1 {[%emt 0:00:04]} Bc2 {[%emt 0:15:48]} 22. Qxc2 {[%emt 0:00:20]} Rxe2 {[%emt 0:02:25]} 23. Kh1 {[%emt 0:00:10]} Rae8 24. Qc1 {[%emt 0:00:04]} Bh4 {[%emt 0:14:25]} 25. Nf3 Qg6 {[%emt 0:02:23]} 26. Nxh4 {[%emt 0:10:18]} Qg3 {[%emt 0:01:53]} 27. Rg1 {[%emt 0:01:25]} Qxh4 {[%emt 0:01:34]} 28. Qf1 R8e3 29. g3 {[%emt 0:04:47]} Qe7 {[%emt 0:02:06]} 30. Qb1 {[%emt 0:01:51]} Rd3 {[%emt 0:00:37]} 31. Rg2 {[%emt 0:00:35]} Qe4 {[%emt 0:00:44]} 0-1

[Event "22nd ETCC Women 2019"]
[Site "Batumi"]
[Date "2019.10.28"]
[Round "5.10"]
[White "Gaponenko, Inna"]
[Black "Eric, Jovana"]
[Result "0-1"]
[WhiteElo "2427"]
[BlackElo "2285"]
[Annotator "TA"]
[PlyCount "110"]
[EventDate "2019.10.24"]
[EventType "team-tourn"]
[EventCountry "GEO"]
[SourceTitle "playchess.com"]
[Source "ChessBase"]
[SourceQuality "1"]
[WhiteTeam "Ukraine"]
[BlackTeam "Serbia"]
[WhiteTeamCountry "UKR"]
[BlackTeamCountry "SRB"]

{[%evp 12,110,14,6,13,18,26,21,35,34,34,34,43,40,35,25,101,52,81,74,90,106,138,150,212,167,178,176,181,181,244,251,242,243,225,252,245,0,235,161,204,139,154,147,199,200,246,236,236,232,311,297,401,414,625,617,575,566,539,315,317,310,317,319,293,294,385,210,197,208,226,0,0,0,0,-8,0,0,22,0,0,0,0,0,0,0,0,0,0,0,0,0,0,0,0,-12845,-12846,-12847,-12847,-12848,-12848]} 1. e4 c5 2. Nf3 d6 3. d4 cxd4 4. Nxd4 Nf6 5. Nc3 a6 6. h3 e5 7. Nde2 h5 {B90: Sicilian Najdorf: Unusual White 6th moves, 6 Be3 Ng4 and 6 Be3 e5} 8. g3 Be7 (8... Nbd7 9. Bg2 b5 10. O-O Bb7 11. a4 b4 12. Nd5 Nxd5 13. exd5 Be7 14. a5 Rb8 15. Bd2 {1-0 (36) Wei,Y (2721)-Vachier Lagrave,M (2774) chess.com INT 2019}) 9. Bg2 Be6 {The position is equal.} 10. a4 Qc8 11. Bg5 Nbd7 $146 ({Predecessor:} 11... O-O 12. Qd2 Rd8 13. Nd5 Bxd5 14. exd5 Qf5 15. Be3 Nbd7 16. O-O {0-1 (48) Soumya,S (2354)-Adly,A (2626) Sharjah 2018}) 12. Qd2 Qc6 13. O-O Nf8 (13... Nc5 $11 {remains equal.}) 14. Rfd1 N8h7 15. Be3 h4 16. g4 g5 17. Nd5 Rg8 (17... Bxd5 $16 18. exd5 Qc7) 18. Ra3 {Hoping for Nb6.} Bxd5 19. exd5 Qd7 20. Qb4 Rc8 (20... a5 {is a better defense.} 21. Qd2 Nxg4) 21. Nc3 Kf8 22. Rb3 Rc7 23. Bb6 Rc8 24. Be3 Rc7 25. Bf3 Kg7 26. Ne4 Kh8 27. c4 $36 {[%mdl 2048] Black is under strong pressure.} Rgc8 (27... Ne8 $16 {was called for.} 28. Bb6 Rc8) 28. Rc3 $18 (28. Nxg5 $6 Nxg5 29. Bxg5 Nh7 $16) 28... Rg8 29. Bb6 Rcc8 30. a5 Ne8 31. c5 Nhf6 32. Qb3 Nh7 {[#]} (32... dxc5 $142 33. d6 {[%mdl 64] Discovered Attack} (33. Nxc5 Bxc5 34. Bxc5 Nd6 $18) 33... c4 34. Rxc4 (34. dxe7 cxb3 35. Rxd7 Rxc3 $16) 34... Rxc4) 33. c6 $1 {[%mdl 512]} bxc6 34. dxc6 Qe6 35. c7 {Qxe6 is the strong threat.} Nxc7 36. Nxd6 ({Less strong is} 36. Bxc7 Qxb3 37. Rxb3 Rxc7 $16) 36... Bxd6 37. Qxe6 Nxe6 38. Rxd6 Nf4 39. Bc7 (39. Rxc8 $142 Rxc8 40. Kh2) 39... e4 40. Bd1 Nxh3+ 41. Rxh3 $2 (41. Kf1 $18) 41... Rxc7 $11 42. Rxa6 Rd8 43. Bb3 Rc1+ 44. Kg2 {Black must now prevent Rc3.} Nf8 45. Re3 ({Don't blunder} 45. Bxf7 $2 Rdd1 $19) 45... Ng6 46. Rxe4 Nf4+ 47. Rxf4 $1 gxf4 {[%mdl 4096] Endgame KRR-KRB} 48. Rf6 $1 ({Don't go for} 48. Bxf7 $2 {[#]} f3+ $1 {[%mdl 512]} 49. Kxf3 Rf8 $19) 48... Rd3 49. Bxf7 h3+ 50. Kh2 Rf3 51. Bd5 $1 {[%cal Rd5f3]} Rxf2+ {[%mdl 64] Double Attack} 52. Kxh3 Kg7 53. g5 $2 {[%mdl 8192]} (53. Rf7+ $11 Kg6 54. Re7) 53... Rg1 $19 {( -> ...Rg3+). Black is clearly winning.} 54. Rxf4 Rxf4 55. a6 Rf8 {Accuracy: White = 65%, Black = 39%.} 0-1

[Event "22nd ETCC Women 2019"]
[Site "Batumi"]
[Date "2019.10.28"]
[Round "5.10"]
[White "Puuska, Heini"]
[Black "Movsesian, Julia"]
[Result "0-1"]
[WhiteElo "1992"]
[BlackElo "2307"]
[Annotator "NA"]
[PlyCount "94"]
[EventDate "2019.10.24"]
[EventType "team-tourn"]
[EventCountry "GEO"]
[SourceTitle "playchess.com"]
[Source "ChessBase"]
[SourceQuality "1"]
[WhiteTeam "Finland"]
[BlackTeam "Slovakia"]
[WhiteTeamCountry "FIN"]
[BlackTeamCountry "SVK"]
[TimeControl "40/5400+30:1800+30"]

1. d4 {[%emt 0:00:00]} Nf6 {[%emt 0:00:00]} 2. Nf3 {[%emt 0:00:04]} d6 {[%emt 0:00:00]} 3. Nbd2 {[%emt 0:00:57]} Nbd7 {[%emt 0:05:54]} 4. e4 {[%emt 0:01:27]} e5 {[%emt 0:01:59]} 5. c3 {[%emt 0:01:46]} Be7 {[%emt 0:04:28]} 6. Bd3 {[%emt 0:00:47]} O-O {[%emt 0:05:15]} 7. O-O {[%emt 0:03:14]} c6 {[%emt 0:00:59]} 8. Re1 {[%emt 0:02:19]} Qc7 {[%emt 0:03:08]} 9. Nf1 {[%emt 0:02:36]} Re8 {[%emt 0:01:15]} 10. Ne3 {[%emt 0:03:24]} g6 {[%emt 0:07:25]} 11. Nc4 {[%emt 0:21:13]} b5 {[%emt 0:05:51]} 12. dxe5 {[%emt 0:06:05]} dxe5 {[%emt 0:00:20]} 13. Ncd2 {[%emt 0:09:14]} Nc5 {[%emt 0:03:57]} 14. Nb3 {[%emt 0:02:45]} Nxd3 {[%emt 0:01:14]} 15. Qxd3 {[%emt 0:00:13]} Bg4 {[%emt 0:00:54]} 16. h3 {[%emt 0:04:12]} Rad8 {[%emt 0:00:33]} 17. Qe2 {[%emt 0:00:16]} Be6 {[%emt 0:00:51]} 18. Nbd2 {[%emt 0:10:31]} Nh5 {[%emt 0:00:31]} 19. b3 {[%emt 0:04:23]} Nf4 {[%emt 0:04:12]} 20. Qf1 {[%emt 0:00:08]} Bc5 {[%emt 0:01:23]} 21. Ng5 {[%emt 0:02:01]} Bc8 {[%emt 0:01:09]} 22. g3 {[%emt 0:04:46]} Nd3 {[%emt 0:03:15]} 23. Re2 {[%emt 0:00:16]} Qe7 {[%emt 0:00:52]} 24. Ngf3 {[%emt 0:01:56]} Qf6 {[%emt 0:01:02]} 25. Qg2 {[%emt 0:02:16]} Rd6 {[%emt 0:04:46]} 26. Kh2 {[%emt 0:00:48]} Red8 {[%emt 0:07:16]} 27. Nf1 {[%emt 0:00:51]} Nxc1 {[%emt 0:05:03]} 28. Rxc1 {[%emt 0:00:06]} h5 {[%emt 0:00:22]} 29. Rcc2 {[%emt 0:03:35]} Be6 {[%emt 0:02:19]} 30. Ne3 {[%emt 0:02:29]} a5 {[%emt 0:03:36]} 31. Red2 {[%emt 0:04:38]} Rxd2 {[%emt 0:04:14]} 32. Rxd2 {[%emt 0:00:07]} Rxd2 {[%emt 0:00:34]} 33. Nxd2 {[%emt 0:00:03]} Qd8 {[%emt 0:00:05]} 34. Nf3 {[%emt 0:01:58]} Qd3 {[%emt 0:01:08]} 35. Qf1 {[%emt 0:04:35]} Qxc3 {[%emt 0:00:56]} 36. Qd1 {[%emt 0:00:58]} Bxe3 {[%emt 0:05:27]} 37. fxe3 {[%emt 0:00:14]} Qxe3 {[%emt 0:00:45]} 38. Nxe5 {[%emt 0:00:29]} Qf2+ {[%emt 0:00:49]} 39. Kh1 {[%emt 0:00:13]} Qxg3 {[%emt 0:00:16]} 40. Nxc6 {[%emt 0:00:00]} Qxh3+ {[%emt 0:00:00]} 41. Kg1 {[%emt 0:00:47]} Qg3+ {[%emt 0:00:38]} 42. Kh1 {[%emt 0:00:18]} Qh3+ {[%emt 0:01:13]} 43. Kg1 {[%emt 0:01:31]} Qe3+ {[%emt 0:00:02]} 44. Kh2 {[%emt 0:00:26]} Qf2+ {[%emt 0:03:19]} 45. Kh1 {[%emt 0:00:19]} Bg4 {[%emt 0:00:41]} 46. Qd8+ {[%emt 0:00:22]} Kh7 {[%emt 0:00:10]} 47. Nd4 {[%emt 0:00:32]} Bh3 {[%emt 0:00:31]} 0-1

[Event "22nd ETCC Women 2019"]
[Site "Batumi"]
[Date "2019.10.28"]
[Round "5.11"]
[White "Cibickova, Zuzana"]
[Black "Dannenberg, Alia"]
[Result "1-0"]
[WhiteElo "2258"]
[BlackElo "1902"]
[Annotator "NA"]
[PlyCount "69"]
[EventDate "2019.10.24"]
[EventType "team-tourn"]
[EventCountry "GEO"]
[SourceTitle "playchess.com"]
[Source "ChessBase"]
[SourceQuality "1"]
[WhiteTeam "Slovakia"]
[BlackTeam "Finland"]
[WhiteTeamCountry "SVK"]
[BlackTeamCountry "FIN"]
[TimeControl "40/5400+30:1800+30"]

1. e4 {[%emt 0:00:00]} c5 {[%emt 0:00:00]} 2. Nf3 {[%emt 0:00:03]} Nc6 {[%emt 0:00:00]} 3. d4 {[%emt 0:02:25]} cxd4 {[%emt 0:00:00]} 4. Nxd4 {[%emt 0:00:04]} g6 {[%emt 0:00:00]} 5. c4 {[%emt 0:02:44]} Nf6 {[%emt 0:00:30]} 6. Nc3 {[%emt 0:00:36]} d6 {[%emt 0:00:43]} 7. Be2 {[%emt 0:04:25]} Nxd4 {[%emt 0:02:50]} 8. Qxd4 {[%emt 0:00:07]} Bg7 {[%emt 0:00:16]} 9. Qd3 {[%emt 0:04:15]} O-O {[%emt 0:02:03]} 10. Be3 {[%emt 0:09:10]} Be6 {[%emt 0:07:31]} 11. Bd4 {[%emt 0:04:52]} Nd7 {[%emt 0:13:52]} 12. Bxg7 {[%emt 0:08:37]} Kxg7 {[%emt 0:00:28]} 13. b3 {[%emt 0:01:19]} Qa5 {[%emt 0:06:15]} 14. O-O {[%emt 0:01:02]} a6 {[%emt 0:01:07]} 15. f4 {[%emt 0:05:42]} f5 {[%emt 0:02:25]} 16. exf5 {[%emt 0:03:51]} Bxf5 {[%emt 0:01:30]} 17. Qd4+ {[%emt 0:00:36]} Kg8 {[%emt 0:01:27]} 18. Nd5 {[%emt 0:03:47]} Rf7 {[%emt 0:02:49]} 19. b4 {[%emt 0:04:11]} Qd8 {[%emt 0:03:01]} 20. Bf3 {[%emt 0:00:51]} Nf6 {[%emt 0:18:50]} 21. Nxf6+ {[%emt 0:08:32]} Rxf6 {[%emt 0:00:15]} 22. Bxb7 {[%emt 0:01:36]} Rb8 {[%emt 0:00:51]} 23. b5 {[%emt 0:03:49]} axb5 {[%emt 0:08:30]} 24. cxb5 {[%emt 0:00:13]} Be6 {[%emt 0:03:36]} 25. Bc6 {[%emt 0:01:50]} Qa5 {[%emt 0:01:48]} 26. a4 {[%emt 0:00:23]} Rbf8 {[%emt 0:01:54]} 27. b6 {[%emt 0:13:09]} Rxf4 {[%emt 0:01:17]} 28. Rxf4 {[%emt 0:02:00]} Rxf4 {[%emt 0:00:02]} 29. Qxf4 {[%emt 0:03:24]} Qxb6+ {[%emt 0:00:13]} 30. Qf2 {[%emt 0:00:52]} Qxc6 {[%emt 0:00:17]} 31. a5 {[%emt 0:01:16]} Bc4 {[%emt 0:01:18]} 32. Qb6 {[%emt 0:01:51]} Qe4 {[%emt 0:02:36]} 33. a6 {[%emt 0:00:49]} Bd5 {[%emt 0:02:40]} 34. Qf2 {[%emt 0:00:09]} Kg7 {[%emt 0:01:04]} 35. Re1 {[%emt 0:00:45]} 1-0

[Event "22nd ETCC Women 2019"]
[Site "Batumi"]
[Date "2019.10.28"]
[Round "5.11"]
[White "Injac, Teodora"]
[Black "Osmak, Iulija"]
[Result "0-1"]
[WhiteElo "2257"]
[BlackElo "2409"]
[Annotator "TA"]
[PlyCount "78"]
[EventDate "2019.10.24"]
[EventType "team-tourn"]
[EventCountry "GEO"]
[SourceTitle "playchess.com"]
[Source "ChessBase"]
[SourceQuality "1"]
[WhiteTeam "Serbia"]
[BlackTeam "Ukraine"]
[WhiteTeamCountry "SRB"]
[BlackTeamCountry "UKR"]

{[%evp 13,94,11,18,9,18,24,29,25,46,45,45,46,44,41,76,29,79,42,45,33,56,49,58,58,59,50,39,40,45,16,16,11,11,25,24,-3,13,-42,-39,-82,-5,-4,-7,-22,0,-105,-115,-147,-143,-129,-135,-147,-152,-153,-170,-166,-172,-172,-162,-191,-185,-222,-227,-210,-191,-198,-159,-140,-108,-355,-339,-340,-318,-380,-373,-629,-517,-595,-589,-854,-777,-1405,-1397]} 1. Nf3 Nf6 2. c4 b6 3. d4 e6 4. Bf4 Bb7 5. e3 Be7 6. Nc3 Nh5 7. Bg3 d6 8. Qc2 {E12: Queen's Indian: Unusual White 4th moves, 4 a3, 4 Nc3 Bb7 5 a3 and 4 Nc3 Bb7} (8. d5 e5 9. Nd2 g6 10. Be2 Nxg3 11. hxg3 Nd7 12. g4 Bf6 13. Qc2 Bg7 14. O-O-O a6 15. Rh3 Qe7 {1-0 (40) Bareev,E (2643)-Gelfand,B (2686) Amsterdam 2019}) 8... Nd7 9. Be2 h6 10. O-O-O {White has an edge.} Bf6 $146 ({Predecessor:} 10... a6 11. d5 e5 12. Nd2 Nxg3 13. hxg3 O-O 14. g4 c6 15. dxc6 Bxc6 {0-1 (40) Meduna,E (2392)-Jedynak,R (2540) Mlada Boleslav 2007}) 11. Kb1 a6 12. Ne1 Nxg3 13. hxg3 Qe7 14. Bf3 O-O-O 15. Bxb7+ Kxb7 16. Nd3 c5 17. Nf4 cxd4 18. exd4 Rc8 19. Qa4 Qd8 20. Ne4 Be7 21. Rd3 Qc7 22. Rc3 Nf6 23. Nd2 Qd7 24. Qc2 (24. Qb3 {looks sharper.} Ka7 25. f3 g5 26. Nd3 h5 27. Qc2) 24... Ka7 25. Nf3 (25. Rc1 $11) 25... Qb7 $15 26. Re1 {[#]} Rc7 ({Black should play} 26... d5 $1 $17 27. cxd5 g5) 27. d5 $11 e5 28. Ne2 Rhc8 29. Rc1 (29. a4 $11) 29... b5 $17 30. cxb5 Nxd5 31. Rxc7 Rxc7 32. Qf5 Qxb5 33. Rxc7+ Nxc7 34. Nc1 Bf6 35. Nd2 {[#]} d5 $1 36. Qc8 Qb7 37. Qg8 e4 $40 {[%csl Gf6][%cal Rb7b2][%mdl 128] Black wants a kill.} 38. Ndb3 Ne6 39. Qe8 {[#]} d4 {Played: Ne6-c5} 0-1

[Event "22nd ETCC Women 2019"]
[Site "Batumi"]
[Date "2019.10.28"]
[Round "5.12"]
[White "Zhukova, Natalia"]
[Black "Velikic, Adela"]
[Result "1/2-1/2"]
[WhiteElo "2333"]
[BlackElo "2275"]
[Annotator "RC"]
[PlyCount "130"]
[EventDate "2019.10.24"]
[EventType "team-tourn"]
[EventCountry "GEO"]
[SourceTitle "playchess.com"]
[Source "ChessBase"]
[SourceQuality "1"]
[WhiteTeam "Ukraine"]
[BlackTeam "Serbia"]
[WhiteTeamCountry "UKR"]
[BlackTeamCountry "SRB"]
[TimeControl "40/5400+30:1800+30"]

1. c4 {[%emt 0:00:00]} c6 {[%emt 0:00:00]} 2. Nf3 {[%emt 0:00:00]} d5 {[%emt 0:00:00]} 3. e3 {[%emt 0:00:13]} Nf6 {[%emt 0:00:00]} 4. Nc3 {[%emt 0:00:18]} e6 {[%emt 0:00:13]} 5. b3 {[%emt 0:00:20]} Bd6 {[%emt 0:00:33]} 6. Bb2 {[%emt 0:00:16]} O-O {[%emt 0:00:29]} 7. d4 {[%emt 0:00:27]} Ne4 {[%emt 0:00:45]} 8. Nxe4 {[%emt 0:12:58]} dxe4 {[%emt 0:00:09]} 9. Nd2 {[%emt 0:00:04]} f5 {[%emt 0:00:07]} 10. Qc2 {[%emt 0:01:47]} c5 {[%emt 0:26:12]} 11. a3 {[%emt 0:18:49]} b6 {[%emt 0:16:35]} 12. Nxe4 {[%emt 0:33:42]} fxe4 {[%emt 0:03:34]} 13. Qxe4 {[%emt 0:00:03]} Qc7 {[%emt 0:16:05]} 14. Bd3 {[%emt 0:00:22]} g6 {[%emt 0:00:46]} 15. h4 {[%emt 0:09:02]} Qf7 {[%emt 0:05:15]} 16. O-O-O {[%emt 0:00:47]} Bb7 {[%emt 0:00:57]} 17. Qg4 {[%emt 0:00:03]} h5 {[%emt 0:09:58]} 18. Qg5 {[%emt 0:06:57]} Be7 {[%emt 0:03:01]} 19. Qg3 {[%emt 0:01:24]} Kh7 {[%emt 0:01:04]} 20. Qe5 {[%emt 0:04:45]} Kh6 {[%emt 0:03:05]} 21. d5 {[%emt 0:04:31]} Bf6 {[%emt 0:03:54]} 22. Qxf6 {[%emt 0:02:39]} Qxf6 {[%emt 0:00:05]} 23. Bxf6 {[%emt 0:00:04]} Rxf6 {[%emt 0:00:04]} 24. e4 {[%emt 0:01:35]} Nd7 {[%emt 0:03:18]} 25. f3 {[%emt 0:00:11]} Ne5 {[%emt 0:03:10]} 26. Bc2 {[%emt 0:00:07]} Raf8 {[%emt 0:01:10]} 27. Kd2 {[%emt 0:00:50]} Rd8 {[%emt 0:01:56]} 28. Kc3 {[%emt 0:00:10]} Nf7 {[%emt 0:01:01]} 29. Rd2 {[%emt 0:00:43]} e5 {[%emt 0:00:31]} 30. Bd1 {[%emt 0:00:15]} Nd6 {[%emt 0:00:17]} 31. Be2 {[%emt 0:01:23]} Rdf8 {[%emt 0:00:34]} 32. a4 {[%emt 0:00:37]} a6 {[%emt 0:00:39]} 33. Rb2 {[%emt 0:00:26]} Rc8 {[%emt 0:00:20]} 34. Kd2 {[%emt 0:00:33]} Rc7 {[%emt 0:00:29]} 35. Ke3 {[%emt 0:00:04]} Bc8 {[%emt 0:00:25]} 36. Rhb1 {[%emt 0:00:36]} Bd7 {[%emt 0:00:34]} 37. g3 {[%emt 0:00:14]} Rf8 {[%emt 0:00:34]} 38. b4 {[%emt 0:00:39]} Nc8 {[%emt 0:00:37]} 39. f4 {[%emt 0:00:24]} Re8 {[%emt 0:00:32]} 40. a5 {[%emt 0:00:00]} bxa5 {[%emt 0:00:00]} 41. bxc5 {[%emt 0:04:29]} exf4+ {[%emt 0:05:48]} 42. Kd4 {[%emt 0:05:55]} fxg3 {[%emt 0:04:27]} 43. Rg1 {[%emt 0:00:10]} Ne7 {[%emt 0:07:29]} 44. Rxg3 {[%emt 0:02:40]} Rec8 {[%emt 0:06:18]} 45. c6 {[%emt 0:16:46]} Bxc6 {[%emt 0:01:17]} 46. dxc6 {[%emt 0:00:06]} Nxc6+ {[%emt 0:00:07]} 47. Ke3 {[%emt 0:01:17]} Ne5 {[%emt 0:02:42]} 48. Rg5 {[%emt 0:02:06]} Nxc4+ {[%emt 0:01:25]} 49. Bxc4 {[%emt 0:00:02]} Rxc4 {[%emt 0:00:04]} 50. Rb6 {[%emt 0:00:35]} Rc3+ {[%emt 0:01:37]} 51. Kd2 {[%emt 0:00:10]} R8c6 {[%emt 0:02:31]} 52. Rxc6 {[%emt 0:00:27]} Rxc6 {[%emt 0:00:04]} 53. Rxa5 {[%emt 0:00:35]} Kg7 {[%emt 0:01:55]} 54. Kd3 {[%emt 0:02:00]} Rf6 {[%emt 0:00:29]} 55. Ke3 {[%emt 0:00:16]} Kf7 {[%emt 0:00:27]} 56. Ra1 {[%emt 0:01:18]} Ke7 {[%emt 0:00:20]} 57. Kd4 {[%emt 0:00:33]} Rb6 {[%emt 0:00:49]} 58. Ra5 {[%emt 0:00:37]} Kf6 {[%emt 0:01:14]} 59. Ra1 {[%emt 0:00:11]} Rd6+ {[%emt 0:00:47]} 60. Ke3 {[%emt 0:00:08]} Rb6 {[%emt 0:00:22]} 61. Kf4 {[%emt 0:00:14]} Ke6 {[%emt 0:00:17]} 62. Ra2 {[%emt 0:01:28]} Kd6 {[%emt 0:00:30]} 63. Ra1 {[%emt 0:00:17]} Ke6 {[%emt 0:00:31]} 64. Ra2 {[%emt 0:00:01]} Kd6 {[%emt 0:00:32]} 65. Ra1 {[%emt 0:00:01]} Ke6 {[%emt 0:00:25]} 1/2-1/2